| 000 | 00974nam a2200313 a 4500 | ||
|---|---|---|---|
| 001 | 000110600 | ||
| 003 | CHAP | ||
| 005 | 20220329144140.0 | ||
| 008 | 140917s1998 mx |r| ||||||spa d | ||
| 010 | _a107062 | ||
| 011 | _a108034 | ||
| 020 | _a9686959904 | ||
| 040 | _cCHAP | ||
| 082 | 0 | 4 |
_a636.20097217 _bC18 |
| 100 | 0 | 0 |
_aCamou Healy, Ernesto _917913 |
| 245 | 1 | 0 |
_aDe rancheros, poquiteros, orejanos y criollos : _blos productores ganaderos de Sonora y el mercado internacional / _cpor Ernesto Camou Healy. |
| 260 |
_aZamora, Mich. : _bEl Colegio de Michoacan, _c1998. |
||
| 300 | _a314 p. | ||
| 504 | _aIncluye bibliografía | ||
| 590 |
_aE5995AHE _b05 _c20140917 _lUCH01 _h1228 |
||
| 590 |
_aE5995AHE _b05 _c20140917 _lUCH01 _h1228 |
||
| 650 | 1 | 4 |
_aAgricultura _91172 |
| 650 | 1 | 4 |
_aAgricultura _xAspectos económicos _zSonora _9175600 |
| 650 | 1 | 4 |
_aComercio. _925557 |
| 650 | 1 | 4 |
_aGanado vacuno _xSonora. _945515 |
| 901 | _aBK | ||
| 942 | _cLIBRO | ||
| 942 | _n0 | ||
| 999 |
_c107062 _d107062 |
||